000 01108nam a2200301Ia 4500
001 Para_1046
003 CHAP
008 220125s1994 xx 000 0 und d
010 _a199772
040 _cCHAP
090 _aPA TESIS 1012
100 _aOchoa Martínez, Daniel
_9164935
245 _aDetección y factores epidemiológicos de la virosis del crisantemo (Dendranthema grandiflora cv. "Polaris") y practicas de manejo para la marchitez del clavel (Dianthus oaryophyllus) y pudricion del tallo del gladiolo (Gladiolus grandiflorus) /
_c por Daniel L. Ochoa Martínez
260 _aMontecillo, Méx. :
_b El autor
300 _a45 h.
502 _aTesis (M.C. Esp. en Fitopatología) CP. Instituto de Fitosanidad
650 _aClavel
_x enfermedades
_923701
650 _aCrisantemo
_x Enfermedades
_928949
650 _aGladiolos
_9164936
710 _aCP. Instituto de Fitosanidad
_9164498
901 _aPA TESIS 1012
902 _aA
905 _a0000001994 0000000000 00
910 _a1994
942 _cPARA
942 _cPARA
_d1
999 _c199772
_d199772